| 000 | 00551nam a22001697a 4500 | ||
|---|---|---|---|
| 003 | OSt | ||
| 005 | 20251030083447.0 | ||
| 008 | 251030b |||||||| |||| 00| 0 eng d | ||
| 020 | _a978-971-27-3684-4 | ||
| 040 |
_aDWCL - Main Lib _cOC |
||
| 082 | _aFil. 658.85 S194a 2021 | ||
| 100 | _aSantos, Emmanuel | ||
| 245 |
_aAhente 5.0 : _bThe Ultimate Ahente / _cEmmanuel Santos |
||
| 260 |
_aMandaluyong City, Metro Manila, Philippines ; _bAnvil Publishing, Inc. _cc2021. |
||
| 300 |
_a202 pages : _billustrations , _c17cm. |
||
| 942 |
_2ddc _cBK - FIL _mFil. _n0 |
||
| 999 |
_c5371 _d5371 |
||